《热爱漏拍的你》歌词填空 - Statistics

General Stats
  • This quiz has been taken 5 times
  • The average score is 13 of 57
Answer Stats
歌词 填空 % Correct
突然驶来的____ 特快
100%
__________ 你来不及拍
75%
不想去____的你 拍车
75%
因为______ 有点晒
75%
________的______ 长客回送
75%
________的______ 出口车
75%
你不知道你有多么__
75%
买到了______ 假动车
75%
却是______ 真特快
75%
可是今天却________了 突然错过
50%
每一次,__________ 当你对我说
50%
马上有____,现在就去拍 轨检
50%
可但是到达了____ 机位
50%
很巧又被____ 漏拍
50%
在你到达机位前,__________ 轨检被限速
50%
在你到达机位后,__________ 轨检达了速
50%
跑出___的时速 140
50%
以为只有______的你 80公里
50%
______有多厉害 CR200J
50%
使动车运营________ 最低时速
25%
________ 向下更改
25%
想拍到____和两个____ 轨检
25%
不如回家玩________ 火车模拟
25%
想拍到____和两个____ DF4D
25%
热衷于________的你 内燃机车
0%
________________ 脑瓜子是否嗡嗡的
0%
在这某某____上暴力被____ 站台
0%
在这某某____上暴力被____ 驱赶
0%
我只是想______ 拍个照
0%
又不______ 安炸弹
0%
________的是莫过于那 最过无奈
0%
根本不听你____捏 解释
0%
剩余________有多少 存储空间
0%
这些数据你统统都______ 不知道
0%
当你存储空间____啦 爆满
0%
想要______却突然______啦 按快门
0%
想要______却突然______啦 没空间
0%
可是却不能______ 格式化
0%
否则照片会__________哒 删一个精光
0%
犹豫间,你喜欢,并且______的 想要拍
0%
______走啦 大老美
0%
热爱____的______ 内存卡
0%
因为我不用再反复的____啦 删片
0%
但是________之后的你 高速连拍
0%
到头来还是______ 装不下
0%
________出现在我的______ 果冻效应
0%
________出现在我的______ 破相机
0%
没有________的______ 旋律快门
0%
没有________的______ 破相机
0%
留不住你__________ 美丽的身影
0%
每次满怀希望来到________ 铁路基地
0%
结果________才发现那 到了现场
0%
热爱____的______ 128G
0%
时速高达_______的你 350公里
0%
探寻偶尔来访的____ DF4D
0%
____它没有哩 DF4D
0%
可是转眼变成了_____ HXD3D
0%
No matching quizzes found
Score Distribution
Percent of People with Each Score
Percentile by Number Answered
Your Score History
You have not taken this quiz